00629nam a22002171 450000500170000000800410001701000140005802000260007202000150009803500130011303700150012604000180014108200100015910000210016924500640019026000510025430000420030550000200034765000240036770000200039119681225000000.0710622s1966 enka 000 0 eng  aENG-91204 a9780070668638c225.00 a0070668639 aEN-74737 bDBAD / PUB adplbEnglish  a604.2 aAgrawal, Basant  aEngineering drawing:cby Basant Agrawal [and] C.M. Agrawal  aNew Delhi bTata McGraw-Hill Publishing c2008 aVarious pagings:bill. c25 cm (pbk)  aIncludes index  aMechanical drawing. a Agrawal, C.M.